| 000 | 01377nam a22002537a 4500 | ||
|---|---|---|---|
| 005 | 20170511120342.0 | ||
| 010 | _a161708HN B-660750-776 HIN-107895 | ||
| 020 |
_a9789351438670 _c295.00 |
||
| 035 | _aHN-80241 | ||
| 035 | _aB-660750-776 | ||
| 037 | _bABC | ||
| 037 | _bDBAD/PUB | ||
| 082 | _a004.1 | ||
| 100 | _a,सिंह, आकांक्षा | ||
| 245 |
_aकम्प्यूटर जागरूकता / _cआकांक्षा सिंह |
||
| 246 | _aComputer Jaagrukta | ||
| 260 |
_aगुडगांव (हरियाणा) _bलेक्सिस नेक्सिस _c2016 |
||
| 270 |
_a14वां फ्लोर, बिल्डिंग न.-10, टॉवर-B, डी एल एफ साइबर सिटी, फेस-II, _bगुडगांव (हरियाणा) _e122002 _k911244774444 _l91124774100 _mhelp.in@lexisnexis.com |
||
| 300 |
_a499प्. _b22सेमी (अजिल्द) |
||
| 490 | _aGS at a Glance | ||
| 500 | _aसभी प्रतियोगी परीक्षाओं हेतु | ||
| 942 |
_2ddc _cHN _h004.1 _mसिंहआ |
||
| 999 |
_c101149 _d101149 |
||